000 00892nam a22002537a 4500
003 DO-SdBNP
005 20220524140429.0
007 ta
008 211125b2021 ||||| |||| 00| 0 spa d
020 _a9789945610482
040 _aDO-SdBNP
_bspa
_cBNPHU
082 4 _a343.729303
_bB716d
_222
100 1 _aBonnelly, Manuel Ulises
_980743
245 1 0 _aUna aproximación al derecho penal económico dominicano :
_bparte general /
_cManuel Ulises Bonnelly ; prólógo Ricardo Rojas León
260 _aSanto Domingo :
_bIudex,
_c2021.
300 _a196 p. ;
_c24 cm.
500 _aIncluye datos biográficos del autor en las solapas
504 _aBibliografía : p. 191-196
590 _aInventariado, 2021 / DG
650 4 _aDerecho financiero
_zRepública Dominicana
_931014
700 1 _aRojas León, Ricardo,
_eprólógo
_981673
910 _aD/G. Validado,2022/ MFF
942 _2ddc
_cLBS1
999 _c51045
_d51045